000 00185 a2200097 4500
020 _a9780439871006
041 _aspa
100 _aTaylor-Butler, Christine
245 _aUrano
942 _cBK
999 _c8143
_d8143